Capital Cities - World Map Sudden Death - Statistics

General Stats
  • This quiz has been taken 629 times
  • The average score is 21 of 27
Answers on the Grid
Answers color-coded by a green-red scale on the quiz's grid according to % correct below.
 
Answer Stats
Answer % Correct
90%
87%
86%
86%
86%
85%
84%
83%
83%
83%
83%
82%
81%
81%
80%
80%
79%
79%
Moscow
76%
76%
76%
Reykjavik
72%
70%
69%
Brasilia
63%
61%
Jakarta
45%
No matching quizzes found
Score Distribution
Percent of People with Each Score
Percentile by Number Answered
Your Score History
You have not taken this quiz